000 00993nam a22001457a 4500
999 _c527603
_d527603
008 240909b ||||| |||| 00| 0 eng d
100 _aAbrahamian, Atossa Araxia
_957939
245 _aThe price of a passport: What is lost when citizenship is sold
260 _aForeign Affairs
300 _a103(1), Jan-Feb, 2024: p.157-163
520 _aIn October 2023, an investigation by the Organized Crime and Corruption Reporting Network revealed that a former Afghan intelligence chief accused of human rights violations, Saddam Hussein’s top nuclear scientist, and a high-ranking colonel under the Libyan despot Muammar al-Qaddafi all had something curious in common: they were compatriots of the Commonwealth of Dominica. These men had not fallen in love with the Caribbean island on a beach vacation or expatriated there for a simpler life.- Reproduced https://www.foreignaffairs.com/reviews/price-passport-citizenship
773 _aForeign Affairs
906 _aCRIME
942 _cAR